000 00610cam1a220021700 4500
001 tmp15830379
003 UPRA
005 20190815103026.0
008 951106s1963 gw eng u
035 _a(Sirsi) r46923
035 _a(UPRA)tmp15830379
040 _cUPRA
041 1 _aeng ger
_heng ger
100 1 _aDuncker, Hermann.
_6A4896.1
245 1 0 _aIntroduction to marxism :
_bselected speeches and writings /
_c[tr. by Gunvor Leeson].
260 _aLeipzig :
_bVEB,
_c1963.
650 0 _aSocialism.
_6S2831.1
949 _aHX276
_wlcc
_mMAIN
_tBOOK
_lON-SHELF
004 46923
987 _aWITHDRAWN.
999 _c65154
_d65154